"Lords of Lewdness"
| Titel: | "Lords of Lewdness" : Imagining the Infidel "Other" in Ottoman "Fethnames" / Claire Norton |
|---|---|
| Verfasser: | |
| In: |
Osmanischer Orient und Ostmitteleuropa, alle Artikel anzeigen |
| Veröffentlicht: | 2014 |
| Format: | Aufsatz |
| Sprache: | Englisch |
X
alg: 42409313 001A $03025:20-12-17 001B $01999:20-12-17 $t22:49:31.000 001C $03025:20-12-17 $t12:15:01.000 001D $03025:20-12-17 001U $0utf8 001X $00 002@ $0Aou 002C $aText $btxt $2rdacontent 002D $aohne Hilfsmittel zu benutzen $bn $2rdamedia 002E $aBand $bnc $2rdacarrier 003@ $0424093138 007A $0424093138 $aHEB 010@ $aeng 010E $erda 011@ $a2014 021A $a"Lords of Lewdness" $dImagining the Infidel "Other" in Ottoman "Fethnames" $hClaire Norton 028A $BVerfasser $4aut $71115741640 $8Norton, Claire [Tp3] $9387719636 039B $aEnthalten in $8--Aau--. Osmanischer Orient und Ostmitteleuropa. - Stuttgart : Steiner, 2014. - 336 Seiten. - Illustrationen, Karten. - ISBN 3-515-10848-3 $9348926014 044K $RKomitat Heves $#Erlau Heves $#Eger Bükk $#Erlau Bükk $#Agriensis $#Agria $#Agriae $74015304-6 $8Eger$gKomitat Heves [Tg1] $908503486X 044K $RTürkei $#Osmanisches Reich $#Osmanisches Reich $#Ottomanisches Reich $#Empire Ottoman $#Daulat-i ʿAlīya-i ʿUṯmānīya $#Devlet-i Aliye Osmaniye $#Hohe Pforte $#Staat Pforte $#Bâb-ı Âlî $#Sublime Porte $#Bâb-ı Âsafî $#Hükumet Kapısı $#Vysokaja Porta $#Blistatelʾnaja Porta $#Paşa Kapısı $#Ottomannische Pforte $#Othōmanikē Autokratoria $#Osmanlı İmperatorluğu $74075720-1 $8Osmanisches Reich [Tg1] $9085214280 044K $RKrieg $#Guerres austro-turques $#Türkenkrieg $#Osmanenkriege $74186408-6 $8Türkenkriege [Ts1] $9085910848 045R $aGeschichte 1563-1610 lok: 42409313 78 exp: 42409313 78 1 #EPN 201B/01 $020-12-17 $t12:12:45.000 201C/01 $020-12-17 201U/01 $0utf8 203@/01 $01013092759 208@/01 $a20-12-17 $be 209A/01 $a/ $f000 $x00 209A/01 $ab*p $x01 220C/01 $apgar 244Z/01 $#Ungarn $#Ungarn $#Ungarische Räterepublik $#Königreich Ungarn $#Die @Länder der ungarischen Krone $#Transleithanien $#Magyarország $#Magyar Köztársaság $#Magyar Tanácsköztársaság $#Government of the Hungarian Republic $#Zemalja Ugarske Krune $#VNR $#Ungern $#Ungarische Republik $#Republik Ungarn $#Ungarische Volksrepublik $#Volksrepublik Ungarn $#Magyar Népköztársaság $#Hungary $#Hungarian Republic $#Hongrie $#Vengerskaja Narodnaja Respublika $#Hungarian People's Republic $#HPR Hungarian People's Republic $#République Populaire Hongroise $#Ungarische VR $#Republic of Hungary $#Vengrija $74078541-5 $8--Tgz--Ungarn $x01 $9085222712 247C/01 $82080>Marburg/Lahn, Herder-Institut, Forschungsbibliothek, Bibliographieportal $9336309341
| LEADER | 00000caa a2200000 c 4500 | ||
|---|---|---|---|
| 001 | 424093138 | ||
| 003 | DE-603 | ||
| 005 | 20171220224931.0 | ||
| 007 | tu | ||
| 008 | 171220s2014 xx |||| | u00||u|eng c | ||
| 035 | |a (DE-599)HEB424093138 | ||
| 040 | |a DE-603 |b ger |c DE-603 |d DE-603 |e rda | ||
| 041 | |a eng | ||
| 100 | 1 | |a Norton, Claire |e Verfasser |4 aut |0 (DE-603)387719636 |0 (DE-588)1115741640 |2 gnd | |
| 245 | 0 | 0 | |a "Lords of Lewdness" |b Imagining the Infidel "Other" in Ottoman "Fethnames" |c Claire Norton |
| 264 | 0 | |c 2014 | |
| 336 | |a Text |b txt |2 rdacontent | ||
| 337 | |a ohne Hilfsmittel zu benutzen |b n |2 rdamedia | ||
| 338 | |a Band |b nc |2 rdacarrier | ||
| 648 | 7 | |a Geschichte 1563-1610 |2 gnd | |
| 650 | 7 | |a Türkenkriege |0 (DE-588)4186408-6 |0 (DE-603)085910848 |2 gnd | |
| 651 | 7 | |a Eger |g Komitat Heves |0 (DE-588)4015304-6 |0 (DE-603)08503486X |2 gnd | |
| 651 | 7 | |a Osmanisches Reich |0 (DE-588)4075720-1 |0 (DE-603)085214280 |2 gnd | |
| 773 | 0 | 8 | |i Enthalten in |t Osmanischer Orient und Ostmitteleuropa |d Stuttgart : Steiner, 2014 |h 336 Seiten, Illustrationen, Karten |z 3515108483 |z 9783515108485 |w (DE-603)348926014 |
| 924 | 0 | |9 2080 |a (DE-603)1013092759 |b DE-2080 |c HES |d d |g / | |


